000 00693nam a2200181Ia 4500
001 19605
003 GE_BSU
008 181216s||||||||xx |||||||||||||| ||und||
040 _cGE_BSU
080 _aპერიოდიკა
245 _aეკონომიკა. 9-10. 2016. მეცნიერება. პაქტიკა. გამოცდილება.
245 _cმთავ. რედ. რ. შენგელია
260 _aთბილისი
260 _c2016
300 _a158გვ.20სმ.
653 _aეკონომიკა. 9-10. 2016. მეცნიერება. პაქტიკა. გამოცდილება.
942 _cCR
999 _c52581
_d52581